Toutes les marques de voiture - Statistiques

Statistiques générales
  • Ce quiz a été pris 366 fois
    93 depuis la dernière actualisation
  • Le résultat moyen est 37 sur 158
Statistiques - réponses
Pays Marque % Correct
France Citroën
93%
France Peugeot
93%
France Renault
93%
Italie Ferrari
90%
France Bugatti
86%
Italie Lamborghini
83%
Allemagne Audi
81%
Roumanie Dacia
78%
Italie Fiat
76%
Japon Toyota
76%
Etats-Unis Ford
75%
Allemagne BMW
71%
Allemagne Mercedes-Benz
71%
Allemagne Porsche
71%
Angleterre Aston Martin
68%
Japon Honda
68%
France Alpine
65%
Allemagne Opel
65%
Allemagne Volkswagen
64%
Corée du sud Hyundai
58%
Espagne Seat
58%
Etats-Unis Tesla
57%
Italie Alfa romeo
56%
Japon Nissan
56%
Etats-Unis Chevrolet
54%
Angleterre Mclaren
53%
Italie Maserati
51%
Japon Mitsubishi
51%
Tchéquie Skoda
51%
Etats-Unis Jeep
50%
Japon Suzuki
49%
Suède Volvo
49%
Angleterre Jaguar
47%
Angleterre Rolls-Royce
47%
Etats-Unis Cadillac
44%
Corée du sud Kia
44%
Angleterre Mini
43%
Angleterre Land Rover
42%
Japon Mazda
42%
Angleterre Bentley
40%
Etats-Unis Dodge
39%
Japon Subaru
39%
Italie Lancia
38%
Angleterre Lotus
38%
Espagne Cupra
35%
Japon Lexus
35%
Allemagne Smart
35%
Russie Lada
33%
Etats-Unis Chrysler
31%
Suède Koenigsegg
28%
Italie Abarth
26%
Angleterre MG
26%
Etats-Unis GMC
25%
Italie Pagani
25%
Chine BYD
24%
Japon Infiniti
24%
Suède Saab
24%
France Simca
24%
Inde Tata
24%
Angleterre Rover
21%
Etats-Unis Buick
18%
Etats-Unis Hummer
18%
Etats-Unis Pontiac
18%
Etats-Unis Delorean
17%
France Matra
15%
Corée du sud Samsung
15%
France Talbot
15%
Angleterre Vauxhall
15%
Etats-Unis Acura
14%
France Panhard
14%
Corée du sud SsangYong
14%
Allemagne AMG
13%
Allemagne Brabus
13%
France DS automobile
13%
Japon Isuzu
13%
Etats-Unis Lincoln
13%
Angleterre Morgan
13%
Etats-Unis Shelby
13%
Etats-Unis AMC
11%
Japon Datsun
11%
Allemagne Maybach
11%
Italie Autobianchi
10%
France Delage
10%
France Delahaye
10%
Corée du sud Genesis
10%
France Venturi
10%
Serbie Zastava
10%
Italie De Tomaso
8%
Etats-Unis Plymouth
8%
Russie UAZ
8%
Etats-Unis Oldsmobile
7%
Tchéquie Tatra
7%
France De Dion-Bouton
6%
Pays-Bas Donkervoort
6%
France Facel-Vega
6%
Pologne FSO
6%
Russie GAZ
6%
Espagne Hispano-Suiza
6%
Italie Innocenti
6%
Etats-Unis Saleen
6%
Angleterre TVR
6%
Angleterre Ariel
4%
Angleterre Catheram
4%
Etats-Unis Desoto
4%
Etats-Unis Hennessey
4%
France Méga
4%
France PGO
4%
Allemagne RUF
4%
Etats-Unis Saturn
4%
Pays-Bas Spyker
4%
Angleterre Sunbeam
4%
Russie ZIL
4%
Roumanie Aro
3%
Angleterre BAC
3%
Etats-Unis Eagle
3%
Etats-Unis Fisker
3%
Belgique FN
3%
Belgique Gillet
3%
Italie ISO
3%
France Mia
3%
Allemagne NSU
3%
Etats-Unis Panoz
3%
Angleterre Radical
3%
Angleterre Reliant
3%
Allemagne Trabant
3%
Serbie Yugo
3%
Allemagne Adler
1%
Belgique Apal
1%
Russie Aurus
1%
Allemagne DKW
1%
Belgique Edran
1%
Roumanie Elcar
1%
Allemagne Horch
1%
Belgique Impéria
1%
Roumanie Malaxa
1%
Belgique Minerva
1%
Allemagne Neckar
1%
Roumanie Oltcit
1%
Etats-Unis RAM trucks
1%
Allemagne Wartburg
1%
Taiwan Yulon Motor
1%
Allemagne Bogward
0%
Angleterre Elva
0%
Belgique Excelsior
0%
Allemagne Glas
0%
Allemagne Goliath
0%
Allemagne Hanomag
0%
Allemagne Hansa
0%
Allemagne IFA
0%
Roumanie Lăstun
0%
Allemagne Lloyd
0%
Inde Mahindra & Mahindra
0%
Belgique Nagant
0%
Italie Osca
0%
Pologne Syrena
0%
Allemagne Zwickau
0%
Aucun quiz correspondant
Distribution des résultats
% des personnes avec chaque résultat
Percentile par nombre de réponses
Votre historique - résultats
Vous n’avez pas pris ce quiz depuis la dernière actualisation